Kebakaran di rumah kawan

Bibliographic Details
Main Author: Muhammad bin Harun
Format: Book
Published: Selangor : Hasrat Murni , 2006
Series:Siri anak wawasan teratai
Subjects:

MARC

LEADER 00000cam a2200000 7i4500
001 0000000240
005 20151222.0
008 070627
020 |a 9830602869 
020 |a 9830602923(set) 
090 0 0 |a JF   |b MAL (257) 
100 0 |a Muhammad bin Harun 
245 1 0 |a Kebakaran di rumah kawan   |c Muhammad bin Harun 
260 |a Selangor :   |b Hasrat Murni ,   |c 2006 
440 |a Siri anak wawasan teratai 
500 |a Children ages 7-9 years old (orange) 
650 0 |a Children's stories, Malay 
650 0 |a Malay fiction 
999 |a 0000920655   |b Book   |c Children Collection   |e Cawangan Bukit Gambir 
999 |a 0000920656   |b Book   |c Children Collection   |e Cawangan Bukit Gambir 
999 |a 0000920657   |b Book   |c Children Collection   |e Cawangan Bukit Gambir 
999 |a 0000931311   |b Book   |c Children Collection   |e Cawangan Tangkak 
999 |a 0000931312   |b Book   |c Children Collection   |e Cawangan Tangkak 
999 |a 0000931313   |b Book   |c Children Collection   |e Cawangan Tangkak 
999 |a 0000955857   |b Book   |c Children Collection   |e Perbadanan Perpustakaan Awam Johor 
999 |a 0000955858   |b Book   |c Children Collection   |e Perbadanan Perpustakaan Awam Johor 
999 |a 0000955859   |b Book   |c Children Collection   |e Cawangan Bandar Tenggara 
999 |a 0000955860   |b Book   |c Children Collection   |e Perbadanan Perpustakaan Awam Johor 
999 |a 0000955886   |b Book   |c Children Collection   |e Perbadanan Perpustakaan Awam Johor 
999 |a 0000957892   |b Book   |c Children Collection   |e Cawangan Bandar Penawar 
999 |a 0000957894   |b Book   |c Children Collection   |e Cawangan Bukit Gambir